00716nam a2200241 a 4500001001300000003000900013005001700022008004100039020001000080082001600090100002100106245003300127260004900160300000900209500003500218505002100253650002800274700002100302902000800323942000700331952011900338999001700457nice12345678IN_TiNIC20260116015040.0050524s1972 newa grp 000 0 eng  ac10000a922.97bMUJ aMujeeb, Mohammad aDr. Zakir Husainb Biography aNew DelhibNational Book Trust, India c1972 a248p aincludes index and biblioraphy2 aZerox Copy Bound aZakir Hussain-Biography1 aMujeeb, Mohammad bSRS cBK 001040708StackRoom-aHMIbHMId2007-06-06g100.00l0o922.97 MUJp11000495r2007-06-06v100.00w2005-05-24yBK c18097d18097